Normal view
MARC view
- Lecturer Zulfiqar Ali Khan
Entry Personal Name
001 - CONTROL NUMBER
- control field: 48165
003 - CONTROL NUMBER IDENTIFIER
- control field: NUST
005 - DATE AND TIME OF LATEST TRANSACTION
- control field: 20210314134004.0
008 - FIXED-LENGTH DATA ELEMENTS
- fixed length control field: 210314|| aca||aabn | a|a d
040 ## - CATALOGING SOURCE
- Original cataloging agency: NUST
- Transcribing agency: NUST
100 ## - HEADING--PERSONAL NAME
- Personal name: Lecturer Zulfiqar Ali Khan
670 ## - SOURCE DATA FOUND
- Source citation: Work cat.: (NUST): SGT Ghazanfar 48164, Study of hydropower potential at Khanpur Dam, 2009
